El hombre ante la muerte
Guardat en:
| Autor principal: | |
|---|---|
| Format: | Llibre |
| Idioma: | espanyol |
| Publicat: |
Madrid
Grupo Santillana
1999
|
| Col·lecció: | Humanidades - Historia
|
| Matèries: | |
| Etiquetes: |
Afegir etiqueta
Sense etiquetes, Sigues el primer a etiquetar aquest registre!
|
MARC
| LEADER | 00000nam a2200000 a 4500 | ||
|---|---|---|---|
| 001 | UCL6653 | ||
| 003 | CL-VaPUC | ||
| 008 | 040416e19990000SP |||||||||||||||||spa|d | ||
| 020 | |a 8430603441 | ||
| 082 | 0 | 4 | |a 155.937 |b ARI |2 21 |
| 100 | |a Ariès, Philippe |e author |9 499699 | ||
| 245 | 1 | 3 | |a El hombre ante la muerte |
| 300 | |a 522 p | ||
| 942 | |c BK | ||
| 945 | |d 20040416 00:00:00 |a cmena | ||
| 260 | |a Madrid |b Grupo Santillana |c 1999 | ||
| 650 | 0 | |a Muerte |9 265114 | |
| 650 | 7 | |a RITOS |2 CL-VaPUC |9 337654 | |
| 650 | 0 | |a Ceremonias |9 337653 | |
| 650 | 0 | |a Aspectos psicológicos |9 258128 | |
| 650 | 0 | |a Cementerios |9 344520 | |
| 650 | 0 | |a Filosofía del espíritu |9 320175 | |
| 583 | |a last modification |c 20040416 00:00:00 |k Rodrigo Vera | ||
| 490 | 0 | |a Humanidades - Historia | |
| 999 | |c 308644 |d 308642 | ||
| 952 | |0 0 |1 0 |4 0 |6 155_937000000000000_ARI_1999 |7 0 |8 A |9 375317 |a BIBHIS |b BIBHIS |d 2019-11-21 |i 400678K |l 5 |m 3 |o 155.937 ARI 1999 |p 400678K |r 2025-04-23 |s 2025-04-23 |w 2019-11-21 |y BK |k HIS | ||